Implementácia informačného systému v konkrétnej spoločnosti diplomová práca

Salvato in:
Dettagli Bibliografici
Autore principale: Fusko, Martin
Ente Autore: Fakulta podnikového manažmentu EU. Katedra informačného manažmentu
Altri autori: Kokles, Mojmír
Natura: Libro
Lingua:slovacco
Pubblicazione: Bratislava 2017
Tags: Aggiungi Tag
Nessun Tag, puoi essere il primo ad aggiungerne!!

MARC

LEADER 00000nbm a2200000 4500
001 0232244
005 20171108130514.4
041 0 |a slo 
044 |a SK 
245 1 0 |a Implementácia informačného systému v konkrétnej spoločnosti  |b diplomová práca  |c Martin Fusko ; školiteľ: Mojmír Kokles 
264 1 |a Bratislava  |c 2017 
300 |a 61 s. 
100 1 |a Fusko, Martin 
700 1 |a Kokles, Mojmír 
710 2 |a Fakulta podnikového manažmentu EU. Katedra informačného manažmentu